| 000 | 01600cam a22001934a 4500 | ||
|---|---|---|---|
| 005 | 20250605164328.0 | ||
| 008 | 250528s ||||||||||||||||||||||||d | ||
| 035 | _a23139 | ||
| 020 | _a9603516716 | ||
| 040 |
_aGR-AtMCL _bgre _dGR-AtMCL _eAACR2 |
||
| 245 | 1 | _aΟικονομική των Μεταφορών | |
| 260 |
_bΣταμούλης Α, _c2006 |
||
| 300 | _a288 | ||
| 520 | _aΤο παρόν βιβλίο πραγματεύεται τα σύγχρονα θέματα της οικονομικής των μεταφορών με στόχο να ερμηνεύσει την οργάνωση της αγοράς των μεταφορών και να απαντήσει στα κύρια ερωτήματα της λειτουργίας της. Πρόλογος, Νέα Μεταφορική Υποδομή, Πολιτική Μεταφορών στην Ευρωπαϊκή Ένωση: Η Περίπτωση των Σιδηροδρομικών Μεταφορών, Διαδικασίες Χρηματοδότησης στις Μεταφορές, Βιωσιμότητα και Εκσυγχρονισμός: Η Περιπτωση των Ελληνικων Σιδηροδρόμων, Επένδυση σε Μεταφορικά Εργα: Ιεράρχηση Σκοπιμότητα Βιωσιμότητα, Ανάπτυξη και Μεταφορές, Ανταγωνισμός και Management, Ασφάλεια και Επικινδυνότητα, Επίλογος, Βιβλιογραφία. | ||
| 700 | 1 |
_aΜουρμούρης Ιωάννης Κ _98703 |
|
| 942 | _cBK | ||
| 999 |
_c8169 _d8169 |
||